Statistics for The Legend of Zelda: Breath of the Wild Characters

Click here to take the quiz!

General Stats

  • This quiz has been taken 196 times
    (114 since last reset)
  • The average score is 30 of 49

Answer Stats

HintCharacter% Correct
The Hylian Champion and main protagonistLink
100%
The damsel trapped inside Hyrule CastleZelda
100%
The elder of Kakariko VillageImpa
96%
His sister who was the Zora Champion before her untimely passingMipha
92%
Zora Prince who assists you with gaining passage to a Divine BeastSidon
92%
The Divine Beast she controlledDivine Beast Vah Ruta
89%
The scourge who murdered her inside said Divine BeastWaterblight Ganon
89%
The aforementioned damsel's fatherKing Rhoam Bosphoramus Hyrule
88%
The Director of the Hateno Ancient Tech LabPurah
84%
The Director of Akkala Ancient Tech LabRobbie
84%
The scourge who killed him inside said Divine BeastFireblight Ganon
83%
The scourge of said Divine Beast who caused the Rito Champion to meet his demiseWindblight Ganon
83%
His Champion ancestorDaruk
82%
The Divine Beast she controlledDivine Beast Vah Naboris
78%
The Divine Beast which said Champion controlledDivine Beast Vah Rudania
78%
The Rito Champion who said Rito idolisesRevali
78%
The scourge which ended the Gerudo ChampionThunderblight Ganon
78%
The Divine Beast which said Champion controlledDivine Beast Vah Medoh
76%
A previous chief of Gerudo Town who piloted the Divine BeastUrbosa
76%
Said elder's grandaughterPaya
75%
The young Goron who assists you with gaining passage to a Divine BeastYunobo
74%
The scourge of Hyrule Castle Calamity Ganon
72%
The chief of Gerudo Village who helps Link gain entry to a Divine BeastRiju
72%
The strong willed Rito who helps Link enter a Divine BeastTeba
72%
Goddess who grants the Hyrule Champion life and stamina upon collecting four spirit orbsHylia
70%
Nomadic bard who sings ancient songs to help Link with his questsKass
70%
The overseer of the Master Sword and HyruleThe Great Deku Tree
68%
The large Korok who increases the Hyrule Champion's inventoryHestu
63%
The head of the Yiga ClanMaster Kohga
58%
Dragon of Thunder who guards the Spring of CourageFarosh
57%
Dragon of Ice who guards the Spring of WisdomNaydra
57%
His precious robotCherry
53%
Dragon of Fire who guards the Spring of PowerDinraal
51%
The King of the ZoraKing Dorephan
50%
Member of said organisation who's creating Tarrey Town in AkkalaHudson
47%
The head of a Hateno construction organisationBolson
45%
Mipha's former teacherMuzu
39%
Her assistantSymin
32%
One of his employeesKarson
26%
Monk who greets the Hylian Champion at the end of his Divine BeastMonk Maz Koshia
26%
Gerudo who lives in Tarrey TownRhondson
24%
The chief of the GoronBludo
22%
The chief of Gerudo Town's bodyguardBuliara
21%
The elder of Rito Village Kaneli
18%
Said Goron's brotherPelison
18%
Rito who lives in Tarrey TownFyson
14%
Zora who lives in Tarrey TownKapson
14%
Goron who lives in Tarrey TownGreyson
13%
Former Zora general who holds a deep grudge against Link and has a higher tolerance for electricitySeggin
7%

Score Distribution

Percentile by Number Answered

Percent of People with Each Score

Your Score History

You have not taken this quiz since the last reset